[Event "IRL-ch"]
[Site "Dublin"]
[Date "1998.??.??"]
[Round "3"]
[White "Quinn, Mark"]
[Black "O'Cinneide, Mel"]
[Result "1/2-1/2"]
[WhiteElo "2350"]
[BlackElo "2285"]

1.Nf3 d5 2.c4 e6 3.g3 Nf6 4.Bg2 dxc4 5.Qa4+ Nbd7 6.Qxc4 a6 7.a4 b5 8.Qc2 Bb7
9.O-O c5 10.d3 Be7 11.Na3 O-O 12.Bd2 Qb6 13.Rfc1 Rfc8 14.Ne1 Bxg2 15.Nxg2 Nd5
16.Ne3 Rab8 17.axb5 axb5 18.Qb3 N7f6 19.Nd1 Nd7 20.Ne3 N7f6 21.Nd1 Nd7 22.Ne3 Nxe3
23.Bxe3 Nf6 24.Bf4 Rb7 25.Qc2 Nd5 26.Bd2 Rbc7 27.Qb3 Rb7 28.Kg2 f5  1/2-1/2

[Event "Centrocoop Sept op-A"]
[Site "Eforie Nord"]
[Date "1998.??.??"]
[Round "?"]
[White "Zhidkov, Valery S"]
[Black "Vioreanu, Bogdan"]
[Result "1-0"]
[WhiteElo "2400"]
[BlackElo "2025"]

1.Nf3 d5 2.c4 c6 3.Qc2 Nf6 4.b3 Bg4 5.Bb2 e6 6.e3 Nbd7 7.Be2 Be7 8.O-O O-O
9.d3 Re8 10.Nbd2 Bf8 11.h3 Bh5 12.Rac1 a5 13.a3 Rc8 14.Qb1 Qb6 15.Qa1 Qa6
16.Rfe1 b5 17.g4 Bg6 18.Nh4 Qb6 19.Nxg6 hxg6 20.Rc2 a4 21.b4 dxc4 22.dxc4 c5
23.cxb5 cxb4 24.Nc4 Qb8 25.axb4 Bxb4 26.Rb1 Ne4 27.Bf1 Qa7 28.Bd4 Bc5 29.b6 Qb8
30.Qxa4 Bxd4 31.exd4 Ndf6 32.Qb3 Qf4 33.Qe3 Qxe3 34.fxe3 Nd5 35.b7 Rb8 36.Rb3 Re7
37.Ne5 Nd6 38.e4 Nf4 39.Ba6 Rd7 40.Nc6 Rbxb7 41.Bxb7 Nxb7 42.Ne5 Re7 43.h4 f6
44.Rc8+ Kh7 45.Nc6 Rd7 46.Kf2 Nd6 47.Ra8 Rc7 48.Rbb8 Nf7 49.Rc8 Rxc8 50.Rxc8 g5
51.Kf3 e5 52.Rf8 Nd6 53.dxe5 fxe5 54.h5 Ne6 55.Ra8 g6 56.Ra7+ Ng7 57.Nxe5 gxh5
58.gxh5 Ne8 59.Ng4 Kg8 60.h6 Ne6 61.Re7 N6c7 62.e5  1-0

[Event "Centrocoop June op-B"]
[Site "Eforie Nord"]
[Date "1998.??.??"]
[Round "?"]
[White "Goriachnik, Dmitry"]
[Black "Tseitline, Semenov"]
[Result "1/2-1/2"]
[WhiteElo "2145"]
[BlackElo "1750"]

1.Nf3 d5 2.c4 e6 3.d4 Nf6 4.Nc3 Be7 5.Bg5 h6 6.Bh4 O-O 7.e3 b6 8.Be2 Bb7
9.Bxf6 Bxf6 10.cxd5 exd5 11.b4 c5 12.bxc5 bxc5 13.Rb1 Bc6 14.O-O Nd7 15.Bb5 Qc7
16.Qa4 Nb6 17.Qa5 c4 18.Bxc6 Qxc6 19.Rb5 Rfd8 20.a4 Qd7 21.Qa6 Qe6 22.Rfb1 Rd6
23.Rc5 Nd7 24.Rc8+ Kh7 25.Qxd6 Qxd6 26.Rxa8 Qa3 27.Rxa7 Qxc3 28.Rxd7 Qc2
29.Rf1 Qxa4 30.Rxd5 Be7 31.Rf5 f6 32.d5 c3 33.Rf4 Qa2 34.Rd4 Bd6 35.Ne1 Qb3
36.Nd3 c2 37.Nc1 Qb1 38.Rc4 Ba3 39.Ne2 Qd1 40.Nd4 Bd6 41.g3 Be5 42.Nxc2 Qxd5
43.Rc8 Qd7 44.Rc5 Qd6 45.Rc4 Qd3 46.Rc6 Qb5 47.Rc8 Qd7 48.Rf8 Bd6 49.Ra8 Qc6
50.Ra2 Qc4 51.Rfa1 h5 52.Nd4 h4 53.Ra4 Qd3 54.Nf3 hxg3 55.Rh4+ Kg8 56.Ra8+ Kf7
57.Ra7+ Kg8 58.hxg3 Bc5 59.Ra8+ Kf7 60.Rhh8 g5 61.Rad8 Qb1+ 62.Kg2 Qb7 63.Rhe8  1/2-1/2

[Event "Eger Agria op"]
[Site "Eger Agria"]
[Date "1998.??.??"]
[Round "7"]
[White "Szirmai, Emil"]
[Black "Kopisch, Martin"]
[Result "0-1"]
[WhiteElo "2105"]
[BlackElo "2195"]

1.Nf3 d5 2.c4 c6 3.b3 Bg4 4.e3 Nd7 5.Bb2 Ngf6 6.Be2 Bxf3 7.Bxf3 e6 8.cxd5 exd5
9.O-O Bd6 10.Qe2 Qc7 11.h3 O-O 12.d3 Rfe8 13.Nd2 Re6 14.Bg4 Nxg4 15.Qxg4 Rg6
16.Qf5 Re8 17.Nf3 h6 18.h4 Ne5 19.Bxe5 Bxe5 20.Rac1 Bd6 21.Qh3 a5 22.Nd4 Qe7
23.h5 Rf6 24.Nf5 Qe6 25.Nxd6 Qxd6 26.Rc2 Rfe6 27.Qh2 Qe7 28.g3 Qg5 29.Kg2 Qf5
30.Rd2 Rf6 31.Qh3 Qxh3+ 32.Kxh3 Rxe3 33.Rc1 Ree6 34.Rc5 b6 35.Rc1 Kf8 36.a3 Re7
37.b4 Ra7 38.Kg2 Ke7 39.Rb2 axb4 40.axb4 Kd7 41.Rc3 Ra1 42.Rcb3 d4 43.Rc2 Kd6
44.Kh3 Kd5 45.Kg2 Re6 46.Kf3 Ree1 47.Kf4 g6 48.hxg6 fxg6 49.g4 Ra8 50.Kf3 Rg1
51.b5 c5 52.Rcb2 Rf8+ 53.Ke2 Rxg4 54.Ra3 Rgf4 55.Ke1 Rf3 56.Rd2 Re8+ 57.Kf1 Rf6
58.Ra7 Rd6 59.Rc7 Ra8 60.Rb2 Ra3 61.Ke2 Ra1 62.f4 Rh1 63.Rb3 Re6+ 64.Kf2 Rh2+
65.Kg3 Rhe2 66.Rd7+ Rd6 67.Rh7 h5 68.Rh8 Re3+ 69.Kh4 Rf3 70.Kg5 Rg3+ 71.Kh4 Rg4+
72.Kh3 Rxf4 73.Kg3 Rf5 74.Rc8 Re5 75.Kh4 Re3 76.Kg5 Rg3+ 77.Kf4 h4 78.Rf8 g5+  0-1

[Event "AUT-ch U12"]
[Site "Feldkirchen"]
[Date "1998.??.??"]
[Round "3"]
[White "Abler, Arno"]
[Black "Kainz, Markus"]
[Result "0-1"]
[WhiteElo "1200"]
[BlackElo "1621"]

1.Nf3 d5 2.c4 dxc4 3.Na3 Nf6 4.Nxc4 Bg4 5.e3 e6 6.d4 c5 7.Be2 Nc6 8.h3 Bh5
9.O-O Be7 10.Qa4 O-O 11.Qc2 cxd4 12.e4 Nb4 13.Qb1 d3 14.Ng5 Bxe2 15.Re1 Nc2  0-1

[Event "FIN-chT 9798"]
[Site "Finland"]
[Date "1998.??.??"]
[Round "6"]
[White "Tuominen, Mauri"]
[Black "Lehtivaara, Risto"]
[Result "1-0"]
[WhiteElo "2165"]
[BlackElo "2280"]

1.Nf3 d5 2.c4 e6 3.g3 c6 4.Qc2 a5 5.b3 Na6 6.a3 Nf6 7.Bb2 Bd6 8.Bg2 O-O 9.O-O Qe7
10.d4 b5 11.Nbd2 Bd7 12.e4 Nxe4 13.Nxe4 dxe4 14.Qxe4 bxc4 15.bxc4 c5 16.Ne5 Rab8
17.Bc3 a4 18.Rad1 Bxe5 19.Qxe5 f6 20.Qe1 Rfc8 21.Bh3 Qf7 22.dxc5 Nxc5 23.Bb4 e5
24.Bg2 Be6 25.Rd5 Nd7 26.Qd1 Rxc4 27.Rd6 e4 28.Qxa4 Ne5 29.Qd1 Qe8 30.Re1 f5
31.f4 Nf7 32.Ra6 Bc8 33.Ra7 Rb7 34.Ra8 Qc6 35.Qa4 Qxa4 36.Rxa4 h6 37.Ra8 Kh7
38.Bf1 Rc2 39.Re2 Rc1  1-0

[Event "Pyramiden Franken Cup"]
[Site "Fuerth"]
[Date "1998.??.??"]
[Round "6"]
[White "Kogan, Artur"]
[Black "Diekers, Michael"]
[Result "1/2-1/2"]
[WhiteElo "2485"]
[BlackElo "2160"]

1.Nf3 d5 2.c4 c6 3.d4 Nf6 4.Nc3 e6 5.Bg5 h6 6.Bh4 dxc4 7.e4 g5 8.Bg3 b5 9.e5 Nd5
10.Nd2 Nxc3 11.bxc3 Bb7 12.Rb1 Qc7 13.h4 Rg8 14.hxg5 hxg5 15.Rh7 Nd7 16.Be2 c5
17.d5 Bxd5 18.Rxb5 Bg7 19.Nxc4 Bxc4 20.Bxc4 Nb6 21.Qf3 Rd8 22.Be2 c4 23.Qh5 Qd7
24.Rb2 Qe7 25.Rb4 Rc8 26.f4 gxf4 27.Bxf4 Qc5 28.Bh6 Qxe5 29.Bxg7 Qg3+ 30.Kf1 Rxg7
31.Rh8+ Rg8 32.Rxg8+ Qxg8 33.Bxc4 Rxc4 34.Qb5+ Ke7 35.Rxc4 Nxc4 36.Qxc4 Qb8
37.Qh4+ f6 38.Qh7+ Kd6 39.a4 Qb6 40.Qe4 Ke7 41.Qh7+ Kd6 42.Qd3+ Ke7 43.Ke2 e5
44.Qc4 Qb7 45.Kf2 Qb6+ 46.Kf3 Qb7+ 47.Kg3 Qb6 48.Qd3 Qc5 49.Kh3 Ke6 50.g4 Qg1
51.Qf5+ Ke7 52.Qe4 Qc5 53.Qf3 Ke6 54.Kh4 Ke7 55.c4 Qxc4 56.Qb7+ Kd6 57.Qxa7 f5
58.Qb8+ Kd7 59.Qb7+ Kd6 60.Qb6+ Kd7 61.Qb5+ Qxb5 62.axb5 fxg4 63.Kxg4 Kc7
64.b6+ Kxb6 65.Kf5 Kc5 66.Kxe5  1/2-1/2

[Event "NRW-Liga II 9899"]
[Site "GER"]
[Date "1998.??.??"]
[Round "1"]
[White "Adamski, Jan"]
[Black "Woerdemann, Martin"]
[Result "1/2-1/2"]
[WhiteElo "2345"]
[BlackElo "2290"]

1.Nf3 d5 2.c4 c6 3.e3 Nf6 4.Nc3 g6 5.d4 Bg7 6.Be2 O-O 7.O-O a6 8.b3 b5 9.Bb2 Bb7
10.Rc1 Nbd7 11.Ne5 Rc8 12.cxd5 cxd5 13.Qd2 Qb6 14.Ba3 Rfe8 15.Nxd7 Nxd7 16.Rfd1 e6
17.Bf1 Bc6 18.Bd6 Bb7 19.Ba3 Bc6 20.Ne2 Bb7 21.Bb4 Rxc1 22.Rxc1 Rc8 23.Rxc8+ Bxc8
24.Nc1 Qc6 25.Nd3 Bb7 26.Be2 Ba8 27.Ba3 Bb7  1/2-1/2

[Event "NRW-Liga I 9899"]
[Site "GER"]
[Date "1998.??.??"]
[Round "2"]
[White "Jackelen, Thomas"]
[Black "Delemarre, Jop"]
[Result "1/2-1/2"]
[WhiteElo "2370"]
[BlackElo "2420"]

1.Nf3 d5 2.c4 c6 3.e3 e6 4.d4 f5 5.Ne5 Nf6 6.Nc3 Be7 7.f4 O-O 8.Be2 Nbd7
9.O-O Ne4 10.Nxe4 fxe4 11.Nxd7 Bxd7 12.Qb3 b5 13.cxb5 cxb5 14.Bd2 a5 15.Rfc1 Qb6
16.a4 b4 17.Qd1 Rac8 18.b3 Bf6  1/2-1/2

[Event "Oberliga Nord N9798"]
[Site "Germany"]
[Date "1998.??.??"]
[Round "?"]
[White "Schirm, Friedmar"]
[Black "Menk, Rolf"]
[Result "1-0"]
[WhiteElo "2290"]
[BlackElo "2200"]

1.Nf3 d5 2.c4 e6 3.g3 c6 4.Bg2 Nf6 5.O-O Nbd7 6.b3 Bd6 7.d4 Qe7 8.Nc3 O-O
9.Qc2 dxc4 10.bxc4 e5 11.e3 Re8 12.Bb2 Bc7 13.a4 Qb4 14.Nd2 exd4 15.exd4 Nf8
16.Nce4 Nxe4 17.Nxe4 Bf5 18.Ba3 Qa5 19.Rab1 Rab8 20.Bb4 Bxe4 21.Bxe4 Qh5
22.d5 cxd5 23.cxd5 Rbc8 24.Qd3 Nd7 25.Bg2 Ne5 26.Qd1 Qf5 27.d6 Bb6 28.a5 Bc5
29.Bxc5 Rxc5 30.Rxb7 Rxa5 31.d7 Nxd7 32.Qxd7 Qxd7 33.Rxd7 Kf8 34.Rc1 a6 35.Rcc7 Ra1+
36.Bf1 Ree1 37.Kg2 Rxf1 38.Rc8+  1-0

[Event "Oberliga Nord W9798"]
[Site "Germany"]
[Date "1998.??.??"]
[Round "?.8"]
[White "Lau, Juergen"]
[Black "Sadewasser, Axel"]
[Result "0-1"]
[WhiteElo "2150"]
[BlackElo "2130"]

1.Nf3 d5 2.c4 e6 3.b3 Nf6 4.g3 c5 5.Bg2 Nc6 6.O-O Be7 7.d3 O-O 8.Nbd2 d4
9.Ne4 Nxe4 10.dxe4 e5 11.Ne1 f5 12.f4 fxe4 13.Bxe4 Bh3 14.Rf2 exf4 15.Rxf4 Bd6
16.Rxf8+ Qxf8 17.Nd3 Qe7 18.Bf3 Rf8 19.Nf4 Bxf4 20.Bxf4 g5 21.Bd2 Ne5 22.Bg2 Bxg2
23.Kxg2 Ng4 24.Qe1 Qe4+ 25.Kg1 Rf2 26.Qxf2 Nxf2 27.Kxf2 Qc2 28.Ke1 h6 29.b4 cxb4
30.Bxb4 Qb2  0-1

[Event "BL2-W9798"]
[Site "Germany"]
[Date "1998.??.??"]
[Round "?.7"]
[White "Jackelen, Thomas"]
[Black "Florath, Patrick"]
[Result "1/2-1/2"]
[WhiteElo "2370"]
[BlackElo "2295"]

1.Nf3 d5 2.c4 e6 3.g3 Nf6 4.Bg2 Be7 5.O-O O-O 6.d4 Nbd7 7.Qc2 c6 8.b3 b5
9.c5 Ne4 10.Bb2 a5 11.a3 f5 12.Nbd2 Qe8 13.Ne1 Bg5 14.e3 Qh5 15.Nd3 Ba6 16.b4 a4
17.Rae1 Qh6 18.Nf4 Rae8 19.Re2 Bc8 20.Rfe1 Bf6 21.Nd3 Nxd2 22.Qxd2 e5 23.dxe5 Nxe5
24.Nxe5 Bxe5 25.Bxe5 Rxe5 26.h4 Bd7 27.Qc3 Qf6 28.Qc2 Be8 29.Bf3 Qh6 30.Qc3 Re7
31.Rc2  1/2-1/2

[Event "BL2-N9798"]
[Site "Germany"]
[Date "1998.??.??"]
[Round "4.1"]
[White "Kalinitschew, Sergey"]
[Black "Lamprecht, Frank"]
[Result "1-0"]
[WhiteElo "2525"]
[BlackElo "2410"]

1.Nf3 d5 2.c4 c6 3.d4 Nf6 4.e3 e6 5.Bd3 Nbd7 6.O-O Bd6 7.Nc3 O-O 8.e4 dxe4
9.Nxe4 Nxe4 10.Bxe4 h6 11.Bc2 e5 12.Rb1 Re8 13.Re1 exd4 14.Rxe8+ Qxe8 15.Qxd4 Qe2
16.Bd2 Bc5 17.Qh4 Qe7 18.Re1 Qxh4 19.Re8+ Bf8 20.Nxh4 Nb6 21.c5 Bd7 22.Rxf8+ Kxf8
23.cxb6 axb6 24.a3 Be6 25.Kf1 Bc4+ 26.Ke1 Rd8 27.Be3 c5 28.Nf3 Bd5 29.Bd1 Ke7
30.g3 Ke6 31.Nd2 Kd6 32.Nb1 g5 33.Nc3 Bc6 34.f4 f6 35.Be2 Ke6 36.Kf2 Kf5
37.h3 Kg6 38.Bc4 Rd6 39.Bb3 b5 40.Bc2+ Kg7 41.Ne4 Bxe4 42.Bxe4 b6 43.Ke2 b4
44.axb4 cxb4 45.b3 Re6 46.Bf5 Rc6 47.Bd2 Rc5 48.Bd3 gxf4 49.Bxf4 Rc3 50.Bc4 h5
51.Be6 Kf8 52.Kf2 Ke7 53.Bg8 h4 54.gxh4 Rxh3 55.Bg3 Rh1 56.Bc4 Rc1 57.Bf4 Rc2+
58.Kf3 Rc3+ 59.Be3 b5 60.Bg8 Rc8 61.Bd5 Kd6 62.Ke4 Rh8 63.Bf2 Rh5 64.Bg3+ Kc5
65.Bf7 Rh7 66.Bg6 Re7+ 67.Kf5 Kc6 68.Bf4  1-0

[Event "BL2-N9798"]
[Site "Germany"]
[Date "1998.??.??"]
[Round "5.4"]
[White "Tyrtania, Maximilian"]
[Black "Breutigam, Martin"]
[Result "0-1"]
[WhiteElo "2225"]
[BlackElo "2380"]

1.Nf3 d5 2.c4 e6 3.d4 c5 4.cxd5 exd5 5.Bg5 f6 6.Bf4 Nc6 7.dxc5 Bxc5 8.e3 Nge7
9.Be2 d4 10.exd4 Nxd4 11.Nxd4 Qxd4 12.Qxd4 Bxd4 13.Nc3 Bxc3+ 14.bxc3 Be6
15.O-O Kf7 16.Rfc1 Rac8 17.Rab1 b6 18.Ba6 Rc5 19.Rb5 Rxb5 20.Bxb5 g5 21.Bd2 Rd8
22.Rc2 Nf5 23.Be2 Nd6 24.Be3 Bc4 25.Kf1 Rc8 26.Ke1 Bxe2 27.Kxe2 Ke6 28.Kd3 Nf5
29.Re2 Kd5 30.Bc1 h5 31.h3 b5 32.g4 hxg4 33.hxg4 Nh6 34.f3 Nf7 35.f4 b4 36.Bb2 gxf4
37.cxb4 Ne5+ 38.Kd2 f3 39.Rh2 Nxg4  0-1

[Event "BL2-N9798"]
[Site "Germany"]
[Date "1998.??.??"]
[Round "6.2"]
[White "Gisbrecht, Ewgeni"]
[Black "Tomczak, Rainer"]
[Result "1/2-1/2"]
[WhiteElo "2400"]
[BlackElo "2325"]

1.Nf3 d5 2.c4 e6 3.g3 dxc4 4.Qa4+ Nd7 5.Bg2 a6 6.Qxc4 b5 7.Qc2 Bb7 8.O-O Ngf6
9.b3 Be7 10.Bb2 c5 11.d3 O-O 12.Nbd2 Qb6 13.Rac1 Rac8 14.Qb1 Rfd8 15.Qa1 Ne8
16.Rc2 Bf6 17.Rfc1 Bxb2 18.Qxb2 Rc7 19.Ne5 Nef6 20.Bxb7 Qxb7 21.Nxd7 Nxd7
22.Ne4 Qb6 23.d4 c4 24.bxc4 Rxc4 25.Rxc4 bxc4 26.Qc3 Nf6 27.Nc5 h5 28.Qxc4 Qb2
29.e3 h4 30.Nd3 Qa3 31.Rc3 Qa5 32.Qc7 Rd5 33.gxh4 Qxa2 34.Ne5 Nd7 35.Nxd7 Rxd7
36.Qxd7 Qa1+ 37.Kg2 Qxc3 38.Qe8+ Kh7 39.Qxf7 Qc6+ 40.Kg3 Qd5 41.f3 a5 42.Qa7 Qd6+
43.Kg4 Qxh2 44.Qxa5 Qg2+ 45.Kf4 Qh2+ 46.Ke4 Qc2+ 47.Kf4  1/2-1/2

[Event "Haarlem AKN op"]
[Site "Haarlem"]
[Date "1998.??.??"]
[Round "4"]
[White "Janssen, Ruud"]
[Black "Moll, Arne"]
[Result "1-0"]
[WhiteElo "2290"]
[BlackElo "2130"]

1.Nf3 d5 2.c4 e6 3.g3 c6 4.Bg2 Nf6 5.O-O Be7 6.d4 O-O 7.Qc2 dxc4 8.Qxc4 b5
9.Qc2 Bb7 10.Rd1 Qb6 11.a4 bxa4 12.Nc3 Nbd7 13.Nxa4 Qb5 14.Nc3 Qb6 15.e4 a6
16.h3 Rad8 17.Be3 Qa7 18.Nd2 Qa8 19.Nc4 Bb4 20.Na5 e5 21.Nxb7 exd4 22.Bxd4 Qxb7
23.Qb3 Qb8 24.e5 Bxc3 25.Qxc3 Nd5 26.Qxc6 Nb4 27.Qa4 Rfe8 28.Bc3 a5 29.Rxd7  1-0

[Event "Saitek US Masters"]
[Site "Hawaii"]
[Date "1998.??.??"]
[Round "2"]
[White "Villamayor, Bong"]
[Black "Kelleher, William"]
[Result "1-0"]
[WhiteElo "2280"]
[BlackElo "2370"]

1.Nf3 d5 2.c4 c6 3.e3 Nf6 4.Nc3 e6 5.b3 Nbd7 6.d4 Bd6 7.Bd3 O-O 8.Bb2 e5
9.cxd5 cxd5 10.dxe5 Nxe5 11.Be2 Be6 12.O-O Rc8 13.Nb5 Nxf3+ 14.Bxf3 Bb8 15.Rc1 Rxc1
16.Qxc1 a6 17.Nd4 Qd6 18.g3 Bc8 19.Qb1 Bh3 20.Rd1 Qd7 21.Qd3 Be5 22.Ba1 h5
23.Bg2 Bxg2 24.Kxg2 Ne4 25.Nf3 Bxa1 26.Rxa1 Qf5 27.Qe2 Nxf2 28.Nd4 Qh3+ 29.Kxf2 Qxh2+
30.Kf3 Qh3 31.Qf1 Qd7 32.Kg2 g6 33.Qf4 Re8 34.Rc1 Re7 35.Qb8+ Kg7 36.Rc8 Rxe3
37.Rg8+ Kh6 38.Qf4+ Kh7 39.Rxg6 Re2+ 40.Nxe2 fxg6 41.Qe5 Qg4 42.Nf4 g5 43.Nxd5  1-0

[Event "Helsinki-ch"]
[Site "Helsinki"]
[Date "1998.??.??"]
[Round "4"]
[White "Kytoniemi, Jyrki"]
[Black "Parkkinen, Jyrki"]
[Result "1-0"]
[WhiteElo "2240"]
[BlackElo "2155"]

1.Nf3 d5 2.c4 e6 3.g3 Nf6 4.Bg2 c5 5.cxd5 exd5 6.d4 Nc6 7.O-O cxd4 8.Nxd4 Bc5
9.Nb3 Bb6 10.Nc3 Be6 11.Na4 d4 12.Bg5 h6 13.Bxf6 Qxf6 14.Nxb6 axb6 15.Bxc6+ bxc6
16.Qxd4 Qxd4 17.Nxd4 Bxa2 18.Nxc6 Kd7 19.Nd4 Bd5 20.f3 g6 21.Rfd1 Rxa1 22.Rxa1 Kd6
23.Rc1 Ke5 24.Nc6+ Kd6 25.Nb4 Bb7 26.Kf2 Ra8 27.e4 Ra4 28.Nd3 Ra2 29.Ke3 Ra4
30.Rd1 Ke7 31.Rd2 f6 32.Rc2 Kd6 33.Nc1 g5 34.Ne2 h5 35.Rd2+ Ke7 36.Rd4 Ra1
37.Rb4 Rh1 38.Rxb6 Bc8 39.Nc3 Be6 40.h4 gxh4 41.gxh4 Rxh4 42.Ne2 Rh2 43.Rb7+ Kf8
44.Nd4 Bc4 45.Nf5 Bf1 46.Nd6 h4 47.Rf7+ Kg8 48.Rxf6 h3 49.Nf5 Rxb2 50.Rh6 Bg2
51.Kf4 Rf2 52.Nh4 Kg7 53.Rh5 Bf1 54.Kg3 Ra2 55.Nf5+ Kf6 56.Ne3 Bg2 57.Nd5+ Ke6
58.Nf4+ Kf6 59.Nxh3 Bf1 60.Nf4 Ra3 61.Nd5+ Ke6 62.Nf4+ Kf6 63.Rf5+ Ke7 64.Kf2 Bc4
65.Nd5+ Ke6 66.Ne3 Bd3 67.Rd5 Bb1 68.Nf5 Kf6 69.Ne3 Ke6 70.Ng4 Kf7 71.Re5 Bc2
72.Kg3 Bd1 73.Rf5+ Ke6 74.Ne5 Ra5 75.Kf4 Ra3 76.Rg5 Ke7 77.Rg2 Bb3 78.Nc6+ Kf6
79.Rd2 Bc4 80.Rd6+ Kg7 81.Ne5 Be2 82.Rd2 Bf1 83.Kg5 Bh3 84.Rc2 Kf8 85.Kf6 Ke8
86.f4 Ra6+ 87.Rc6 Ra4 88.f5 Kd8 89.Rc4 Ra6+ 90.Kg5 Ra1 91.Rd4+ Ke7 92.Ng6+ Ke8
93.Nf4 Bf1 94.e5 Ra7 95.e6 Bb5 96.f6  1-0

[Event "Hollabrunn op"]
[Site "Hollabrunn"]
[Date "1998.??.??"]
[Round "6"]
[White "Neamtu, Serban"]
[Black "Koller, Hubert"]
[Result "1-0"]
[WhiteElo "2315"]
[BlackElo "2160"]

1.Nf3 d5 2.c4 d4 3.b4 g6 4.d3 Bg7 5.g3 e5 6.Nbd2 Ne7 7.Bg2 O-O 8.O-O a5 9.b5 Nd7
10.Ba3 Re8 11.Rb1 Nf8 12.Qc2 Rb8 13.Rfe1 Bf5 14.Ng5 h6 15.Nge4 Qc8 16.b6 Rd8
17.Bxe7  1-0

[Event "HUN-chT29899"]
[Site "HUN"]
[Date "1998.??.??"]
[Round "?"]
[White "Kovacs, Istvan"]
[Black "Dovzik, Juri"]
[Result "0-1"]
[WhiteElo "2245"]
[BlackElo "2375"]

1.Nf3 d5 2.c4 c6 3.b3 Bf5 4.g3 e6 5.Bg2 Nf6 6.O-O Be7 7.d3 h6 8.Bb2 O-O 9.Nbd2 a5
10.a3 Nbd7 11.Ra2 Bh7 12.Bc3 Qb6 13.Qa1 Qa6 14.Re1 Rfd8 15.Qb2 Qa7 16.Raa1 c5
17.Nf1 d4 18.Bd2 Qb6 19.Reb1 e5 20.b4 axb4 21.axb4 e4 22.Ne1 Bg6 23.Ra5 Qe6
24.bxc5 Nxc5 25.Rxa8 Rxa8 26.Bb4 exd3 27.exd3 Bxd3 28.Bxc5 Bxb1 29.Qxb7 Re8
30.Bc6 Qxe1 31.Bxe8 Bd3 32.Bxf7+ Kxf7 33.Qxe7+ Qxe7 34.Bxe7 Kxe7 35.Nd2 Kd6
36.Nb3 Ke5 37.Nd2 Bh7 38.f4+ Kd6 39.Nb3 d3  0-1

[Event "HUN-chT2 9798"]
[Site "HUN"]
[Date "1998.??.??"]
[Round "?"]
[White "Kovacs, Istvan"]
[Black "Veress, Robert"]
[Result "1-0"]
[WhiteElo "2220"]
[BlackElo "2255"]

1.Nf3 d5 2.c4 dxc4 3.Na3 c5 4.Nxc4 Nc6 5.g3 f6 6.Bg2 e5 7.d3 Nge7 8.O-O Be6
9.Nfd2 Nd5 10.Ne4 Be7 11.Bd2 O-O 12.a3 Qd7 13.Rc1 Rac8 14.Nc3 Rfd8 15.f4 exf4
16.Nxd5 Bxd5 17.Bxd5+ Qxd5 18.Rxf4 b6 19.Bc3 f5 20.Ne3 Qe6 21.Nxf5 Bg5 22.Nxg7 Qe3+
23.Kh1 Bxf4 24.Qb3+ Kf8 25.Rf1 Nd4 26.Bxd4 Rxd4 27.Ne6+ Ke7 28.Nxf4 c4 29.Qb4+ Rc5
30.dxc4 Rxc4 31.Nd5+ Kd6 32.Nxe3 Rxb4 33.axb4 Rb5 34.Rf4 a5 35.bxa5 bxa5
36.Nc4+  1-0

[Event "HUN-chT9899"]
[Site "HUN"]
[Date "1998.??.??"]
[Round "?"]
[White "Petran, Pal"]
[Black "Karolyi, Tibor Jr"]
[Result "1/2-1/2"]
[WhiteElo "2395"]
[BlackElo "2425"]

1.Nf3 d5 2.c4 c6 3.d4 Nf6 4.Qc2 g6 5.cxd5 cxd5 6.Nc3 Nc6 7.Bg5 Bg7 8.e3 O-O
9.Be2 Be6 10.O-O Nd7 11.Rfd1 Nb6 12.Rac1 Rc8 13.b3 Qd7 14.Bf4 Bg4 15.Ne1 Bxe2
16.Qxe2 e6 17.Nd3 Qe7 18.Bg3 a6 19.Qb2 Nd7 20.a4 Rfe8 21.Ne2 Nb4 22.Nxb4 Qxb4
23.Qb1 Bf8 24.Nf4 b5 25.Nd3 Qa5 26.axb5  1/2-1/2

[Event "HUN-chT9899"]
[Site "HUN"]
[Date "1998.??.??"]
[Round "?"]
[White "Csaba, Arpad"]
[Black "Siklosi, Zoltan"]
[Result "1-0"]
[WhiteElo "2215"]
[BlackElo "2365"]

1.Nf3 d5 2.c4 e6 3.b3 Nf6 4.g3 b6 5.Bg2 Bb7 6.O-O Be7 7.cxd5 exd5 8.d4 O-O
9.Nc3 c5 10.Bb2 Nbd7 11.Qd3 Rc8 12.e3 c4 13.bxc4 dxc4 14.Qc2 a6 15.e4 b5
16.a3 Qb6 17.Rfd1 Rfd8 18.e5 Nd5 19.Nxd5 Bxd5 20.Bc3 a5 21.Ng5 Nf8 22.Bxd5 Rxd5
23.Qf5 Bxg5 24.Qxc8 Rd7 25.Qc5 Qa6 26.d5 Bd8 27.Rab1 Rb7 28.Kg2 h6 29.Qc8 Bb6
30.Qc6 b4 31.axb4 a4 32.Bd4 Qa7 33.Qxc4 Rc7 34.Bxb6 Qxb6 35.Qd4 Qb5 36.Rdc1 Rd7
37.Rc5 Qb7 38.Qc4 Kh7 39.Kg1 Ng6 40.d6 Qf3 41.Ra5 a3 42.Re1 Rb7 43.Re3 Qd1+
44.Qf1 Qd4 45.Qe1 Rxb4 46.Raxa3 Rb7 47.Rad3 Qg4 48.Qd1 Qd7 49.Rb3 Ra7 50.Re1 Ra5
51.Qb1 Qe6 52.Rd3 Qd7 53.Rc3 Qe6 54.h4 Kg8 55.Qb8+ Kh7 56.Qc8 Qd5 57.d7 Qd2
58.d8=Q Qxe1+ 59.Kg2 Qe4+ 60.Rf3 Nxe5  1-0

[Event "HUN-chT9899"]
[Site "HUN"]
[Date "1998.??.??"]
[Round "?"]
[White "Kustar, Sandor"]
[Black "Ruck, Tamas"]
[Result "0-1"]
[WhiteElo "2390"]
[BlackElo "2330"]

1.Nf3 d5 2.c4 e6 3.g3 Nf6 4.Bg2 Nbd7 5.b3 Bd6 6.Bb2 O-O 7.d3 c6 8.Nc3 a6
9.O-O b5 10.e4 Bb7 11.Qc2 Rc8 12.Rad1 b4 13.Na4 e5 14.d4 exd4 15.Nxd4 Re8
16.Nf5 Bf8 17.exd5 cxd5 18.Qd2 Ne4 19.Bxe4 Rxe4 20.cxd5 Nc5 21.f3 Re8 22.d6 Qd7
23.Nxc5 Rxc5 24.Nxg7 Bxg7 25.Bxg7 Qf5 26.Bh6 Rd5 27.Rfe1 Rd8 28.Qe3 Bc6 29.Bf4 Bb5
30.Qe7 Re8 31.Qc7 Rxe1+ 32.Rxe1 Qd3 33.Qd8+ Kg7 34.Be5+ Rxe5 35.Rc1 Qe3+
36.Kg2 Qxc1 37.f4 Qc2+ 38.Kh3 Qf5+ 39.Kg2 Re2+ 40.Kf3 Qd3+ 41.Kg4 Qg6+ 42.Kf3 Bc6+
43.Kxe2 Qe4+ 44.Kd2 Qd4+ 45.Ke2 Bb5+ 46.Kf3 Qd3+ 47.Kg4 Qe2+ 48.Kh3 h6 49.Qc7 Qd1
50.Kh4 Qe2 51.h3 Qe6 52.Qd8 Bf1 53.g4 Qe3 54.Kh5 Qxh3+ 55.Qh4 Qxh4+ 56.Kxh4 Bb5
57.f5 f6 58.Kh5 Be8+ 59.Kh4 Kf8 60.Kg3 Bf7  0-1

[Event "HUN-chT9899"]
[Site "HUN"]
[Date "1998.??.??"]
[Round "?"]
[White "Szekely, Peter"]
[Black "Pinter, Jozsef"]
[Result "1/2-1/2"]
[WhiteElo "2465"]
[BlackElo "2595"]

1.Nf3 d5 2.c4 e6 3.g3 dxc4 4.Qa4+ Nd7 5.Qxc4 b6 6.Bg2 Bb7 7.O-O Ngf6 8.d4 c5
9.Nc3 a6 10.dxc5 Bxc5 11.Bf4 O-O 12.Rad1 b5 13.Qd3 Qb6 14.Ng5 Bxg2 15.Kxg2 h6
16.Nge4 b4 17.Nxf6+ Nxf6 18.Ne4 Qc6  1/2-1/2

[Event "HUN-chT 9798"]
[Site "Hungary"]
[Date "1998.??.??"]
[Round "?"]
[White "Grunberg, Sergiu Henric"]
[Black "Dudas, Jan"]
[Result "1-0"]
[WhiteElo "2390"]
[BlackElo "2295"]

1.Nf3 d5 2.c4 dxc4 3.Na3 c5 4.Nxc4 Nc6 5.g3 g6 6.Bg2 Bg7 7.d3 Qc7 8.O-O Nf6
9.Be3 Nd7 10.Qd2 O-O 11.Bh6 Bxh6 12.Qxh6 Rd8 13.Ne3 Nf8 14.Rfc1 Nd4 15.Nxd4 Rxd4
16.b4 Be6 17.bxc5 Rad8 18.a4 Rb4 19.Nc2 Rb2 20.Qe3 Qa5 21.Na3 Qxa4 22.Nc4 Ra2
23.Rxa2 Qxa2 24.Bxb7 Bxc4 25.dxc4 Rd2 26.c6 Rxe2 27.Qd3 Rd2 28.Qc3 Ne6 29.Ra1 Qc2
30.Qxc2 Rxc2 31.Ba6 Nc7 32.Bb5 a6 33.Rxa6  1-0

[Event "HUN-chT 9798"]
[Site "Hungary"]
[Date "1998.??.??"]
[Round "?"]
[White "Ribli, Zoltan"]
[Black "Groszpeter, Attila"]
[Result "1/2-1/2"]
[WhiteElo "2585"]
[BlackElo "2540"]

1.Nf3 d5 2.c4 d4 3.g3 c5 4.b4 cxb4 5.a3 bxa3 6.Bxa3 Nc6 7.Bg2 g6 8.d3 Bg7
9.Nbd2 Nh6 10.O-O O-O 11.Qb3 Rb8 12.Rfb1 b6 13.Ne1 Bb7 14.Qa4 Qc7 15.c5 Rfc8
16.Nc4 bxc5 17.Bxc5 Ba8 18.Rxb8 Rxb8 19.Bxa7 Nxa7 20.Qxa7 Qxa7 21.Rxa7 Bxg2
22.Kxg2 Bf6 23.Nf3 Nf5 24.g4 Nh4+ 25.Nxh4 Bxh4 26.f4 h6 27.Rd7 Bf6 28.Ne5 Bxe5
29.fxe5 e6 30.Rxd4 Rb5 31.Re4 g5 32.h4 Kg7 33.h5 Ra5 34.Kf2 Rb5 35.Ke3 Ra5
36.Kd2 Ra2+ 37.Kc3 Kf8 38.Kb3 Ra1 39.Kb2 Rg1 40.Kc2 Ra1 41.Kb2 Rg1 42.Kb3 Ra1
43.Kb4 Rc1 44.Kb3  1/2-1/2

[Event "HUN-chT 9798"]
[Site "Hungary"]
[Date "1998.??.??"]
[Round "?"]
[White "Orso, Miklos"]
[Black "Dovzik, Juri"]
[Result "1/2-1/2"]
[WhiteElo "2390"]
[BlackElo "2410"]

1.Nf3 d5 2.c4 c6 3.d4 Nf6 4.Nc3 a6 5.b3 Bf5 6.g3 Ne4 7.Nxe4 Bxe4 8.Bg2 e6
9.O-O Nd7 10.Bb2 Be7 11.c5 O-O 12.Qd2 Bf6 13.Rfe1 Re8 14.Bh3 Bf5 15.Bxf5 exf5
16.Bc3 Re4 17.Qd3 g6 18.Nd2 Re6 19.b4 Qe7 20.a4 Re8 21.e3 Bg7 22.b5 axb5
23.axb5 f4 24.gxf4 Qh4 25.bxc6 bxc6 26.f3 g5 27.f5 Rf6 28.Re2 Qh3 29.Rg2 Qxf5
30.Qxf5 Rxf5 31.e4 dxe4 32.fxe4 Rxc5 33.dxc5 Bxc3 34.Rxg5+ Kf8 35.Ra2 Nxc5
36.Rh5 Nxe4 37.Nxe4 Rxe4 38.Kg2 Kg7 39.Rg5+ Kf6 40.Rc5 Be5 41.Rxc6+ Kg7 42.Rac2 Rg4+
43.Kh1 Rg6 44.Rg2 Bd4 45.Rc7 Bb6 46.Rb7 Bd4 47.Rg3 Bf2 48.Rg2 Bd4 49.h3 Bc5
50.Rg4 Bd6 51.Kg2 Be5 52.Kf3 Rxg4 53.Kxg4 Kg6 54.Rb6+ f6 55.Rb3 Bd4 56.Rb8 Be5
57.Rg8+ Kf7 58.Ra8 Kg6 59.Ra2 Bd4 60.Rg2 Be5 61.Kh4+ Kh6 62.Rg8 Bb2 63.Kg4 Be5
64.Kf5 Kh5 65.Rg7 h6 66.Rg4 Bb2 67.Rc4 Be5 68.Ke6 Kg5 69.Ra4 Bb2 70.Rg4+ Kh5
71.Kf7 f5 72.Rg2 Bc1 73.Kf6 Kh4 74.Kxf5 Kxh3 75.Rg1 Bg5 76.Ke4 Kh2 77.Rg4 Be7
78.Kf3 Bf6 79.Rg2+ Kh3 80.Rg1 Kh2 81.Rc1 Be7 82.Rc6 Bg5 83.Kg4 Kg2 84.Rc2+ Kf1
85.Rh2 Ke1 86.Rxh6 Bxh6  1/2-1/2

[Event "HUN-chT 9798"]
[Site "Hungary"]
[Date "1998.??.??"]
[Round "?"]
[White "Acs, Peter"]
[Black "Szekely, Peter"]
[Result "1/2-1/2"]
[WhiteElo "2420"]
[BlackElo "2455"]

1.Nf3 d5 2.c4 e6 3.g3 dxc4 4.Qa4+ Bd7 5.Qxc4 c5 6.Bg2 Nc6 7.O-O Nf6 8.b3 Be7
9.Bb2 O-O 10.Ne5 Rc8 11.Nxc6 Bxc6 12.Bxc6 Rxc6 13.d3 Nd7 14.Nd2 Bf6 15.Bxf6 Qxf6
16.Rac1 a6 17.Rc2 Rd8 18.Rfc1 h5 19.Qe4 Qe7 20.Nf3 Nf6 21.Qe3 Nd5 22.Qg5 Qxg5
23.Nxg5 b6 24.a3 Rcd6 25.Nf3 f6 26.Rc4 e5 27.Kf1 a5 28.Nd2 Re6 29.Ne4 Rb8
30.Nc3 Ne7 31.Ne4 Nc6 32.Rb1 Ra8 33.Rb2 Nd4 34.Nc3 Rd6 35.Ne4 Rd5 36.Rc1 Kf7
37.Nd2 Nc6 38.Nc4 Rb8 39.a4 g5 40.Kg2 Ke6 41.h3 f5 42.f3 Nb4 43.Rh1 Rd4 44.g4 fxg4
45.hxg4 h4 46.Nd2 Kf7 47.Ne4 Kg6 48.Rc1 Nd5 49.Kh2 Ne3 50.Rbb1 Rbd8 51.Nf2 Rb4
52.Ne4 Nd5 53.Rc2 Ne3 54.Rc3 Nd5 55.Rc2 Nf4 56.Rcb2 Ne6 57.Nc3 Rf4 58.Rf1 Rf7
59.Ne4 Nd4 60.Kg2 Rb7 61.Rfb1 Ne6 62.Kh2 Rd4 63.Nc3 Kf7 64.Rc1 Ke7 65.Rcb1 Nc7
66.Ne4 Ne6 67.Nc3 Rd8 68.Ne4 Rd4  1/2-1/2